00174pam a2200085 a 4500020000500000041000800005082001500013100002200028245003800050 c aeng a620.8bKHA aKhan, Irfan Ali . aBioinformaticshTextual Documents